000 00654nam a22002417a 4500
001 0074
003 DO-SdBNP
005 20180125105605.0
007 0074
008 151119b dr 2000 xxu||||| |||| 00| 0 spa d
020 _a9993401374
040 _aBPMSU
_bspa
_cBPMSU
092 _axxxxxxxxx
_bxxxxxxxxx
100 1 _aStanley, Avelino,
_d1959-
245 1 0 _aEquis :
_bnovela /
_cAvelino Stanley
250 _a3a ed.
260 _aSanto Domingo :
_3Cocolo,
_62000.
300 _a99 p. :
_c21 cm.
500 _aIncluye datos biográficos del autor en las solapas
942 _2ddc
_cBK
945 _ainventariado, 2018 / dg
956 _aBrenda Tavárez
999 _c8831
_d8831